000 00525nam a22001817a 4500
003 NUST
038 _aKhadija
082 _aBB-36
100 _aNadwa, Syed Salman
_988924
245 _aSirat-e-Nabvi /
_cAlama Syed Suleman Nadvi
260 _aLahore :
_bService Book Club,
_c1985.
300 _a200 p. ;
_b24 cm.
500 _aHardcover.
563 _aHB
880 _6100-01
_aعلامہ سید سلیمان ندوی
880 _6245-02
_aسیرت النبی ۔
_cعلامہ سید سلیمان ندوی
942 _cBK
_2ddc
999 _c34141
_d34141